[Event "GER-ch Net blitz qual4"]
[Site "Playchess.com INT"]
[Date "2021.05.10"]
[Round "3"]
[White "Klemens, Peter"]
[Black "Friemel, Reinhard"]
[Result "1/2-1/2"]
[WhiteElo "1593"]
[BlackElo "1773"]
[PlyCount "134"]
[EventDate "2021.05.10"]
[EventType "swiss (blitz)"]
[EventRounds "11"]
[EventCountry "GER"]
[SourceTitle "CBM 202 Extra"]
[Source "ChessBase"]
[SourceDate "2021.07.31"]
[SourceVersion "1"]
[SourceVersionDate "2021.07.31"]
[SourceQuality "1"]

1. d4 e6 2. Nf3 d5 3. c3 c5 4. Bf4 Nc6 5. e3 Qb6 6. Qc2 Bd7 7. Nbd2 cxd4 8. exd4 Rc8 9. Qb1 g6 10. Be2 Bg7 11. h3 Nge7 12. 0-0 Nd8 13. Be5 Bxe5 14. Nxe5 Bb5 15. Bxb5+ Qxb5 16. Ndf3 Ndc6 17. Ng4 Ng8 18. Nge5 Nxe5 19. Nxe5 Ne7 20. Ng4 Ng8 21. Ne5 Ne7 22. Ng4 0-0 23. Qc1 f5 24. Ne5 Kg7 25. Qg5 Qe8 26. Rae1 h6 27. Qf4 Rf6 28. Re2 Nc6 29. Nxc6 Rxc6 30. Rfe1 Qd7 31. Re5 g5 32. Qf3 Kg6 33. Qg3 h5 34. h4 g4 35. Qf4 Qg7 36. Qg5+ Kh7 37. Qxh5+ Rh6 38. Qg5 Qxg5 39. hxg5 Rg6 40. f4 gxf3 41. gxf3 Rxg5+ 42. Kf2 Rg6 43. Rh1+ Kg7 44. f4 Kf6 45. Rg1 Rb6 46. b3 Rxg1 47. Kxg1 Ra6 48. a4 Rc6 49. Re3 a6 50. Kf2 b5 51. axb5 axb5 52. Ke2 Ra6 53. Kd3 Ra3 54. b4 Ra1 55. Re2 Rd1+ 56. Ke3 Rc1 57. Kd3 Rf1 58. Ke3 Rg1 59. Rf2 Rg3+ 60. Rf3 Rg4 61. Rf2 Kg7 62. Rf3 Rg1 63. Kf2 Rc1 64. Re3 Rc2+ 65. Kf3 Kf6 66. Kg3 Rc1 67. Kf3 Rh1 1/2-1/2

[Event "GER-ch Net blitz qual3"]
[Site "Playchess.com INT"]
[Date "2021.05.07"]
[Round "9"]
[White "Friemel, Reinhard"]
[Black "Bassenhoff, Aljoscha"]
[Result "1-0"]
[WhiteElo "1695"]
[BlackElo "1830"]
[PlyCount "65"]
[EventDate "2021.05.07"]
[EventType "swiss (blitz)"]
[EventRounds "11"]
[EventCountry "GER"]
[SourceTitle "CBM 202 Extra"]
[Source "ChessBase"]
[SourceDate "2021.07.31"]
[SourceVersion "1"]
[SourceVersionDate "2021.07.31"]
[SourceQuality "1"]

1. e4 c5 2. c4 e6 3. Nc3 Nc6 4. g3 a6 5. Bg2 d6 6. Nge2 Nf6 7. d3 g6 8. 0-0 Bg7 9. h3 0-0 10. a3 Rb8 11. Rb1 b5 12. cxb5 axb5 13. b4 cxb4 14. axb4 Bd7 15. Kh2 Ne5 16. f4 Nc6 17. d4 Ne7 18. Be3 d5 19. e5 Ne8 20. g4 Nc7 21. Ng3 Na8 22. Qd3 Nb6 23. Ra1 Nc4 24. Bg1 Nc6 25. Rfb1 Qe7 26. f5 exf5 27. gxf5 gxf5 28. Nxd5 Qg5 29. Rf1 Qh6 30. Nxf5 Bxf5 31. Rxf5 Nxb4 32. Nxb4 Ne3 33. Bxe3 1-0

[Event "GER-ch Net blitz qual1"]
[Site "Playchess.com INT"]
[Date "2021.04.24"]
[Round "4"]
[White "Friemel, Reinhard"]
[Black "Hoferichter, Michael"]
[Result "1-0"]
[WhiteElo "1626"]
[BlackElo "1299"]
[PlyCount "109"]
[EventDate "2021.04.24"]
[EventType "swiss (blitz)"]
[EventRounds "11"]
[EventCountry "GER"]
[SourceTitle "CBM 202 Extra"]
[Source "ChessBase"]
[SourceDate "2021.07.31"]
[SourceVersion "1"]
[SourceVersionDate "2021.07.31"]
[SourceQuality "1"]

1. e4 e6 2. d4 d5 3. e5 c5 4. c3 Nc6 5. Nf3 Bd7 6. a3 Qb6 7. Be2 Nge7 8. b4 c4 9. 0-0 Nf5 10. g4 Nfe7 11. Be3 Ng6 12. h4 Nge7 13. Nh2 0-0-0 14. a4 a5 15. b5 Nb8 16. f4 f5 17. g5 Ng6 18. h5 Ne7 19. Nf3 h6 20. gxh6 gxh6 21. Kf2 Bg7 22. Nh4 Rdg8 23. Rg1 Bf8 24. Nd2 Be8 25. Rxg8 Rxg8 26. Qh1 Nd7 27. Rg1 Rg7 28. Rxg7 Bxg7 29. Qg2 Bf8 30. Ng6 Qd8 31. Nf3 Bf7 32. Nfh4 Qe8 33. Nxe7+ Bxe7 34. Ng6 Bf8 35. Ke1 Be7 36. Kd2 Nf8 37. Nxe7+ Qxe7 38. Bf2 Qe8 39. Qg7 Bxh5 40. Bxh5 Qxh5 41. Qxf8+ Kc7 42. Qd6+ Kc8 43. Qxe6+ Kc7 44. Qxd5 Qe8 45. Qxc4+ Kb8 46. d5 h5 47. d6 Qd7 48. Qc7+ Qxc7 49. dxc7+ Kxc7 50. c4 b6 51. c5 h4 52. cxb6+ Kd7 53. Bxh4 Ke6 54. b7 Kd7 55. b8Q 1-0

[Event "GER Cup Net V4 U2000"]
[Site "Playchess.com INT"]
[Date "2020.05.31"]
[Round "4"]
[White "Friemel, Reinhard"]
[Black "Zinke, Thomas"]
[Result "1/2-1/2"]
[WhiteElo "1643"]
[BlackElo "1544"]
[PlyCount "89"]
[EventDate "2020.05.31"]
[EventType "swiss (blitz)"]
[EventRounds "9"]
[EventCountry "GER"]
[SourceTitle "EXT 2021"]
[Source "ChessBase"]
[SourceDate "2020.10.23"]
[SourceVersion "1"]
[SourceVersionDate "2020.10.23"]
[SourceQuality "1"]

1. e4 c5 2. c4 g6 3. Nc3 Bg7 4. g3 Nc6 5. Bg2 d6 6. Nge2 Nf6 7. d3 0-0 8. a3 a6 9. 0-0 Rb8 10. f4 b5 11. e5 Bb7 12. exf6 Bxf6 13. cxb5 axb5 14. Ne4 Bg7 15. Rb1 e6 16. h3 d5 17. N4c3 b4 18. axb4 Nxb4 19. Ra1 Ba6 20. Be3 d4 21. Ne4 dxe3 22. Nxc5 Bxd3 23. Nxd3 Qxd3 24. Qxd3 Nxd3 25. Ra3 Rxb2 26. Rxd3 Rxe2 27. Bf3 Rc2 28. Re1 Rb8 29. Kf1 Rbb2 30. Rexe3 Rf2+ 31. Ke1 Rh2 32. Rd8+ Bf8 33. h4 Kg7 34. Re2 Bb4+ 35. Kd1 Rhxe2 36. Bxe2 Kf6 37. g4 e5 38. fxe5+ Kxe5 39. Re8+ Kf4 40. Rb8 Ba3 41. Rxb2 Bxb2 42. h5 gxh5 43. gxh5 f5 44. Ke1 Kg3 45. Kf1 1/2-1/2

[Event "GER Cup Net V4 U2000"]
[Site "Playchess.com INT"]
[Date "2020.05.31"]
[Round "3"]
[White "Pohle, Saskia"]
[Black "Friemel, Reinhard"]
[Result "0-1"]
[WhiteElo "1509"]
[BlackElo "1643"]
[PlyCount "98"]
[EventDate "2020.05.31"]
[EventType "swiss (blitz)"]
[EventRounds "9"]
[EventCountry "GER"]
[SourceTitle "EXT 2021"]
[Source "ChessBase"]
[SourceDate "2020.10.23"]
[SourceVersion "1"]
[SourceVersionDate "2020.10.23"]
[SourceQuality "1"]

1. e4 e6 2. d4 d5 3. Nd2 Nf6 4. e5 Nfd7 5. Bd3 c5 6. c3 Nc6 7. Ne2 Qb6 8. Nf3 cxd4 9. cxd4 Bb4+ 10. Bd2 Bxd2+ 11. Qxd2 Qb4 12. Qxb4 Nxb4 13. Bb5 Nc2+ 14. Kd2 Nxa1 15. Rxa1 a6 16. Ba4 b5 17. Bb3 Nb6 18. Rc1 Bd7 19. Ne1 0-0 20. Nd3 Nc4+ 21. Ke1 Rfc8 22. Rc2 a5 23. Nc5 Be8 24. a3 Rc7 25. Nf4 b4 26. a4 Nb6 27. Nfd3 Rac8 28. Kd2 Nd7 29. Nxd7 Rxc2+ 30. Bxc2 Bxd7 31. Nc5 Bc6 32. b3 Kf8 33. Ke3 g6 34. Kf4 Ke7 35. Kg5 Rh8 36. Kh6 f6 37. Kg7 Rf8 38. exf6+ Rxf6 39. Kxh7 Rxf2 40. Bxg6 Rxg2 41. h4 Rg4 42. h5 Rxd4 43. h6 Kf6 44. Bb1 Rh4 45. Bc2 e5 46. Bb1 e4 47. Bc2 Be8 48. Nb7 Bg6+ 49. Kg8 Rxh6 0-1

[Event "GER Cup Net V3 U2000"]
[Site "Playchess.com INT"]
[Date "2020.05.27"]
[Round "5"]
[White "Braeutigam, Katerina"]
[Black "Friemel, Reinhard"]
[Result "1-0"]
[WhiteElo "1506"]
[BlackElo "1656"]
[PlyCount "86"]
[EventDate "2020.05.27"]
[EventType "swiss (blitz)"]
[EventRounds "9"]
[EventCountry "GER"]
[SourceTitle "EXT 2021"]
[Source "ChessBase"]
[SourceDate "2020.10.23"]
[SourceVersion "1"]
[SourceVersionDate "2020.10.23"]
[SourceQuality "1"]

1. e4 e6 2. d4 d5 3. e5 c5 4. c3 Nc6 5. Nf3 Qb6 6. a3 a5 7. Bd3 Bd7 8. Bc2 Rc8 9. 0-0 cxd4 10. cxd4 g6 11. Nc3 Bg7 12. Rb1 Nge7 13. Be3 Na7 14. Na4 Bxa4 15. Bxa4+ Nac6 16. Bg5 0-0 17. Bc2 h6 18. Bf6 Bxf6 19. exf6 Nf5 20. Bxf5 exf5 21. Ne5 Nxd4 22. Qd2 Kh7 23. Nd7 Qa7 24. Nxf8+ Rxf8 25. Rbd1 Ne6 26. Qxd5 Nf4 27. Qd6 Re8 28. Qxf4 Qa6 29. Rd7 Qxf6 30. Qc7 Kg7 31. Qc3 Qxc3 32. bxc3 Rc8 33. Rc1 b5 34. Rb7 b4 35. axb4 axb4 36. Rxb4 Kf6 37. Rd4 Ke5 38. Rdd1 Ke4 39. c4 g5 40. c5 f4 41. c6 g4 42. c7 f3 43. Rd8 fxg2 1-0

[Event "GER-ch Net Amateur Gr-B Vor2"]
[Site "Playchess.com INT"]
[Date "2020.04.15"]
[Round "9"]
[White "Bigalke, Moritz"]
[Black "Friemel, Reinhard"]
[Result "0-1"]
[WhiteElo "1603"]
[BlackElo "1680"]
[PlyCount "38"]
[EventDate "2020.04.15"]
[EventType "swiss (blitz)"]
[EventRounds "9"]
[EventCountry "GER"]
[SourceTitle "CBM 196 Extra"]
[Source "ChessBase"]
[SourceDate "2020.07.31"]
[SourceVersion "1"]
[SourceVersionDate "2020.07.31"]
[SourceQuality "1"]

1. e4 e6 2. Nf3 d5 3. exd5 exd5 4. g3 g6 5. Bg2 Bg7 6. 0-0 Ne7 7. Nc3 c6 8. Ne2 0-0 9. d3 Bg4 10. Bf4 Re8 11. c3 h6 12. Re1 g5 13. Be5 Bxf3 14. Bxg7 Bxe2 15. Qxe2 Kxg7 16. Qe5+ f6 17. Qd4 Nd7 18. Bh3 Ne5 19. f4 Nf3+ 0-1